00421nam a2200121 i 4500001000300000100001900003245010400022260001800126040000800144041000800152008004100160856009800201bg1 aLONG, Gilbert. 0aDiagnostic phyto-ecologique at amenagement.nT. 1,pPrincipes generaux et methodes /cGilbert Long. aParis,c1974. cBPK apol s pl f |000 0 pol  uhttp://koha.tu.koszalin.pl/cgi-bin/koha/opac-detail.pl?biblionumber=27301yKatalog online BPK